| 000 | 01068nam a22003017a 4500 | ||
|---|---|---|---|
| 001 | 7366 | ||
| 003 | FISKH | ||
| 005 | 20250710154339.0 | ||
| 008 | 250710b cb ||||| |||| 00| 0 eng d | ||
| 020 | _a9780763664268 | ||
| 040 |
_aFISKH _beng _cFISKH _dFISKH |
||
| 050 | _aPZ7.M478419 S | ||
| 082 | _a813.6 | ||
| 100 |
_aMcDonald, Megan _d(1959-) |
||
| 245 |
_aStink : _bThe incredible shrinking kid / _cMegan McDonald ; Illustrated by Peter H.Reynolds |
||
| 250 | _aThis edition first published in 2013 | ||
| 260 |
_aMassachusetts : _bCandlewick, _c2005 |
||
| 300 |
_a102 pages : _billustrations ; _c20 cm |
||
| 505 | _aN | ||
| 520 | _aThe shortest kid in the second grade, James Moody, also known as Stink, learns all about the shortest president of the United States, James Madison, when they celebrate Presidents' Day at school. | ||
| 521 | 8 |
_a540
_bLexile |
|
| 521 | 8 |
_aN
_bRaz-Plus |
|
| 650 |
_2Boys _aGrowing up |
||
| 650 |
_2Realistic fiction _aJudy Moody |
||
| 700 |
_aH.Reynold, Peter _dillustrator |
||
| 942 |
_2ddc _cBK _n0 |
||
| 999 |
_c7366 _d7366 |
||